Match the 1D song to the album // Volume 2 - Statistics

General Stats
  • This quiz has been taken 33 times
  • The average score is 14 of 15
Answer Stats
Hint Answer % Correct
Steal My Girl Four
100%
Midnight Memories Midnight Memories
100%
What Makes You Beautiful Up All Night
100%
Up All Night Up All Night
100%
Night Changes Four
97%
Clouds Four
97%
18 Four
97%
One Thing Up All Night
97%
Little White Lies Midnight Memories
93%
Little Black Dress Midnight Memories
93%
Live While We're Young Take Me Home
93%
More Than This Up All Night
93%
Heart Attack Take Me Home
90%
I Wish Up All Night
90%
One Way Or Another (Teenage Kicks) Take Me Home
83%
No matching quizzes found
Score Distribution
Percent of People with Each Score
Percentile by Number Answered
Your Score History
You have not taken this quiz